Matematičeskaja statistika v ventiljacionnoj technike

Gespeichert in:
Bibliographische Detailangaben
1. Verfasser: Uspenskaja, L.B (Verfasst von)
Format: Buch
Sprache:Russisch
Veröffentlicht: Moskva : Strojizdat, 1980
Ausgabe:1. vyd.
Tags: Tag hinzufügen
Keine Tags, Fügen Sie das erste Tag hinzu!

MARC

LEADER 00000nam a22000003a 4500
001 stu141141
005 20190123084430.9
008 070510s1980----xxr-----------------rus-d
040 |a STU  |b slo 
041 0 |a rus 
044 |a xxr 
080 |a 697.92:519.22 
100 1 |a Uspenskaja, L.B.  |4 aut 
245 1 |a Matematičeskaja statistika v ventiljacionnoj technike 
250 |a 1. vyd. 
260 |a Moskva :  |b Strojizdat,  |c 1980 
300 |a 106 s 
996 |c V*26887/O-11240  |l VV18  |s P  |a 0  |w stu141141_0001 
996 |c V* 27801/O-11658  |l VV18  |s P  |a 0  |w stu141141_0003